Cultive y aliméntese con bledo

Uloženo v:
Podrobná bibliografie
Hlavní autor: Martínez Muñoz, Aníbal B. (autor)
Médium: Kniha
Jazyk:španělština
Vydáno: Ciudad de Guatemala EDUSAC 1993
Edice:Colección Programa EDUSAC
Témata:
Tagy: Přidat tag
Žádné tagy, Buďte první, kdo vytvoří štítek k tomuto záznamu!

MARC

LEADER 00000nam a2200000 a 4500
001 UCT8478
003 CL-VaPUC
008 970326e19930000GT |||||||||||||||||spa|d
082 0 4 |a 581.61  |b MAR  |2 21 
100 |a Martínez Muñoz, Aníbal B.  |e autor  |9 380209 
245 1 0 |a Cultive y aliméntese con bledo 
300 |a 80 p 
942 |c BK 
945 |d 19970326 00:00:00  |a rleighto 
260 |a Ciudad de Guatemala  |b EDUSAC  |c 1993 
600 0 7 |a BLEDO  |2 CL-VaPUC  |9 380210 
650 7 |a PLANTAS COMESTIBLES  |2 CL-VaPUC  |9 380211 
650 0 |a Taxonomía de las plantas  |9 360224 
650 0 |a Morfología vegetal   |9 261628 
650 7 |a DISTRIBUCION GEOGRAFICA DE LAS PLANTAS  |2 CL-VaPUC  |9 345172 
650 0 |a Fisiología vegetal  |9 260158 
650 0 |a Genética vegetal  |9 264341 
650 7 |a CULTIVO DE PLANTAS  |2 CL-VaPUC  |9 362044 
651 0 |a Guatemala  |9 258335 
583 |a last modification  |c 19970326 00:00:00  |k Rodrigo Vera 
490 0 |a Colección Programa EDUSAC 
999 |c 256974  |d 256972 
952 |0 0  |1 0  |4 0  |6 581_610000000000000_MAR_1993  |7 0  |8 A  |9 280155  |a BIBEDU  |b BIBEDU  |d 2019-11-19  |i 3288269  |o 581.61 MAR 1993  |p 3288269  |r 2019-11-19  |w 2019-11-19  |y BK  |k EDU